| 000 | 00458pab a2200169 454500 | ||
|---|---|---|---|
| 008 | 180718b2015 xxu||||| |||| 00| 0 eng d | ||
| 100 | _aHanes, Niklas | ||
| 245 | _aAmalgamation impacts on local public expenditures in Sweden | ||
| 260 | _c2015 | ||
| 300 | _ap.63-77. | ||
| 362 | _aFeb | ||
| 650 | _aPublic expenditure - Sweden | ||
| 650 | _aLocal finance - Sweden | ||
| 650 | _aLocal finance | ||
| 773 | _aLocal Government Studies | ||
| 909 | _a109297 | ||
| 999 |
_c109292 _d109292 |
||